Statistics for People with K initials #2

Click here to take the quiz!

General Stats

  • This quiz has been taken 33 times
  • The average score is 7 of 20

Answer Stats

Initials Clue Person % Correct
KCWon the Oscar for Best Director and Best Picture for "Dances with Wolves"Kevin Costner
92%
KASecretary-General of the United Nations from 1997 to 2006Kofi Annan
71%
KRGuitar player of The Rolling StonesKeith Richards
71%
KDHe was Spartacus in Kubrick's movieKirk Douglas
63%
KB"The Black Mamba", Number 24...(or 8)Kobe Bryant
58%
KSKeyser Söze or Verbal Kint ?Kevin Spacey
58%
KH"You know nothing Jon Snow"Kit Harrington
38%
KFWelsh writer of "The Pillars of the Earth"Ken Follett
29%
KIFormer Duke superstar and now player for the Boston CelticsKyrie Irving
29%
KNFormer bass player in NirvanaKrist Novoselic
29%
KUBlonde model often considered as one of the most beautiful women on the planetKate Upton
25%
KTOne of the Splash BrothersKlay Thompson
25%
KGFormer companion of The 11th DoctorKaren Gillan
17%
KMAgent Dale Cooper in "Twin Peaks"Kyle MacLachlan
17%
KJActor known for his roles in "Community" and "The Hangover"Ken Jeong
13%
KL"Bitch don't kill my vibe"Kendrick Lamar
8%
KPActress and younger sister of DanielleKay Panabaker
8%
KOBullet Club Leader, "The Best Bout Machine"Kenny Omega
8%
KWQueen Lagertha from "Vikings"Katheryn Winnick
8%
KKA Victoria's Secret angel since 2011Karlie Kloss
4%

Score Distribution

Percentile by Number Answered

Percent of People with Each Score

Your Score History

You have not taken this quiz